000 00462nam a2200133Ia 4500
008 170221s9999 xx 000 0 und d
100 _aBan A. Alomar.
245 _aWiMAX Multiple Hops Architecturein Smart Grid Communications
245 _cBan A. Alomar, A. R. Ali-Ali, and T. Landolsi.
260 _bJournal of Communications
650 _xCommunication
650 _xMedia Arts
856 _uhttp://www.jocm.us/index.php?m=content&c=index&a=lists&catid=154
999 _c312628
_d312628